000
00342pab a2200145 454500
008
180718b2005 xxu||||| |||| 00| 0 eng d
100
_a
Sarker, Subhash Chandra
245
_a
"Reform" of the United Nations
260
_c
2005
300
_a
p.9-15.
362
_a
18 Jun
650
_a
United Nations
773
_a
Mainstream
909
_a
65703
999
_c
65703
_d
65703